Statistics for Top 10 1-Team WR's

Click here to take the quiz!

General Stats

  • This quiz has been taken 12 times
  • The average score is 4 of 10

Answer Stats

TeamQB% Correct
1. DETCalvin Johnson
92%
3. ARILarry Fitzgerald
92%
6. DALMichael Irvin
67%
4. INDMarvin Harrison
58%
2. GBPDon Hutson
42%
8. OAKFred Biletnikoff
42%
10. CHIJohnny Morris
17%
7. NYGFrank Gifford
8%
5. BALRaymond Berry
8%
9. LARElroy Hirsch
0%

Score Distribution

Percentile by Number Answered

Percent of People with Each Score

Your Score History

You have not taken this quiz